| 000 | 01481cam a2200361Ia 4500 | ||
|---|---|---|---|
| 001 | 55156 | ||
| 005 | 20230410142343.0 | ||
| 008 | 031218s2004 sp b 000 0 spa d | ||
| 035 | _a(OCoLC)ocm59129462 | ||
| 040 |
_aHLS _cHLS _dPL# _dNDD |
||
| 020 | _a840008263X | ||
| 020 | _a9788400082635 | ||
| 029 | 1 |
_aPL# _b060000624 |
|
| 035 | _a(OCoLC)59129462 | ||
| 043 | _ae-sp--- | ||
| 050 | 1 | 4 |
_aBX 1588 _bV393c 2004 |
| 049 | _aGRAL | ||
| 100 | 1 | _aVázquez Vilanova, José Antonio. | |
| 245 | 1 | 0 |
_aClero y sociedad en la Compostela del siglo XIX / _cJosé Antonio Vázquez Vilanova. |
| 260 |
_aSantiago de Compostela : _bConsejo Superior de Investigaciones Científicas, Xunta de Galicia : _bInstituto de Estudios Gallegos "Padre Sarmiento", _c2004. |
||
| 300 |
_a290 p. ; _c24 cm. |
||
| 440 | 0 |
_aCuadernos de estudios gallegos. _pAnexo ; _v33 |
|
| 504 | _aIncludes bibliographical references (p. [269]-290). | ||
| 610 | 2 | 0 |
_aCatholic Church _zSpain _zSantiago de Compostela _xClergy _xHistory _y19th century. |
| 610 | 2 | 0 |
_aCatholic Church _zSpain _zSantiago de Compostela _xHistory _y19th century. |
| 651 | 0 |
_aSantiago de Compostela (Spain) _xSocial life and customs _y19th century. |
|
| 651 | 0 |
_aSantiago de Compostela (Spain) _xChurch history _y19th century. |
|
| 938 |
_aPuvill Libros _bPUVL _n840008263X _c$41.30 |
||
| 856 | 4 | 2 |
_3Más?... busque en WorldCat (solo desde FUNGLODE) _uwww.firstsearch.oclc.org/fsip |
| 942 |
_2lcc _cbk |
||
| 946 | _amfcruz | ||
| 994 |
_aC0 _bDRFGD |
||
| 999 |
_c94122 _d94122 |
||